| 000 | 00985cam a22003015a 4500 | ||
|---|---|---|---|
| 001 | 12432502 | ||
| 005 | 20160830145557.0 | ||
| 008 | 010606s2002 enka frb f001 0 eng d | ||
| 020 | _a9780521796729 | ||
| 020 | _a0521796725 | ||
| 040 |
_aDLC _cDLC _dDLC _dEG-ScBUE _beng |
||
| 043 | _aa-is--- | ||
| 082 | 0 | 4 |
_a323.6095694 _222 _bSHA |
| 100 | 1 |
_aShafir, Gershon. _940972 |
|
| 245 | 1 | 0 |
_aBeing Israeli : _bthe dynamics of multiple citizenship / _cGershon Shafir, Yoav Peled. |
| 260 |
_aCambridge ; _aNew York : _bCambridge University Press, _c2002. |
||
| 300 |
_axii, 397 p. : _bill. ; _c24 cm. |
||
| 490 | 0 |
_aCambridge Middle East studies ; _v16. |
|
| 500 | _aIndex : p. 387-397. | ||
| 504 | _aBibliography : p. 349-386. | ||
| 650 | 7 |
_aCitizenship _zIsrael. _2BUEsh _940973 |
|
| 650 | 7 |
_aCivil society _zIsrael. _2BUEsh _940974 |
|
| 650 | 7 |
_aPolitical culture _zIsrael. _2BUEsh _940975 |
|
| 651 | _2BUEsh | ||
| 653 |
_bBUSBOL _cAugust 2016 |
||
| 700 | 1 | _aPeled, Yoav. | |
| 942 | _2ddc | ||
| 999 |
_c22281 _d22253 |
||